[Event "Eastpointe (MCO/4/8)"]
[Site "?"]
[Date "1995.??.??"]
[Round "?"]
[White "Koster, Ed"]
[Black "Forte, Joe"]
[Result "1-0"]
[WhiteElo "2105"]
[BlackElo "1915"]
[PlyCount "55"]
[EventDate "1995.??.??"]

{4/(8)} 1. Nf3 c5 2. c4 g6 3. d4 Bg7 4. e4 cxd4 5. Nxd4 Nc6 6. Be3 Nf6 7. Nc3
Ng4 8. Qxg4 Nxd4 9. Qd1 Nc6 10. Rc1 d6 11. Qd2 Be6 12. Nd5 O-O 13. Bd3 Ne5 14.
Bb1 h5 15. O-O h4 16. h3 Rc8 17. b3 b6 18. f4 Bxd5 19. exd5 Nd7 20. f5 Ne5 21.
Bh6 Qd7 22. fxg6 fxg6 23. Bxg7 Kxg7 24. Qg5 Rf6 25. Qxh4 Rcf8 26. Rxf6 Rxf6 27.
Qg5 Qxh3 28. Qxf6+ 1-0

[Event "East Lansing (MEX/2/6)"]
[Site "?"]
[Date "1995.??.??"]
[Round "?"]
[White "Koster, Ed"]
[Black "Cooper, T."]
[Result "1/2-1/2"]
[WhiteElo "2105"]
[BlackElo "2205"]
[PlyCount "64"]
[EventDate "1995.??.??"]

{2/(6)} 1. Nf3 Nf6 2. c4 e6 3. g3 d5 4. d4 dxc4 5. Bg2 Bd7 6. Ne5 Bc6 7. Nxc6
Nxc6 8. Qa4 Bb4+ 9. Bd2 Bxd2+ 10. Nxd2 O-O 11. Bxc6 bxc6 12. Qxc4 Qd5 13. Qxd5
cxd5 14. O-O Rab8 15. b3 Rfc8 16. Rfc1 Ne8 17. Rc5 Rb6 18. Ra5 a6 19. Rc1 Rd8
20. a3 Rdd6 21. b4 Kf8 22. Nb3 Ke7 23. f3 Rb5 24. Kf2 Rxa5 25. Nxa5 Kd7 26. Ke3
Rb6 27. Kd3 Nd6 28. e4 Nb5 29. a4 Nd6 30. e5 Nb7 31. Nxb7 Rxb7 32. Kc3 c6
1/2-1/2

[Event "East Lansing (MEX/4/7)"]
[Site "?"]
[Date "1995.??.??"]
[Round "?"]
[White "Koster, Ed"]
[Black "Brooks, John"]
[Result "1-0"]
[WhiteElo "2105"]
[BlackElo "2195"]
[PlyCount "109"]
[EventDate "1995.??.??"]

{4/(7)} 1. e4 c5 2. Nf3 e6 3. d4 cxd4 4. Nxd4 Nf6 5. Nc3 Bb4 6. e5 Qa5 7. exf6
Bxc3+ 8. bxc3 Qxc3+ 9. Qd2 Qxa1 10. c3 Qb1 11. Bd3 Qb6 12. fxg7 Rg8 13. Qh6 Qc5
14. Qf6 Qxc3+ 15. Ke2 Nc6 16. Be3 Qb2+ 17. Kf3 b6 18. Bxh7 Bb7 19. Kg3 Ne7 20.
Bxg8 Nxg8 21. Qe5 Qb4 22. Nb5 Ke7 23. Rd1 Bc6 24. Nd4 Qa4 25. Nf5+ Kd8 26. Bg5+
f6 27. Bxf6+ Nxf6 28. Qxf6+ Kc7 29. Qe5+ Kb7 30. Nd6+ Ka6 31. Qe2+ b5 32. Rd3
Rg8 33. Qe5 Kb6 34. Nf7 Qe4 35. Qxe4 Bxe4 36. Rxd7 Rxg7+ 37. Kf4 Bd5 38. Ne5
Rxg2 39. Ng4 Bxa2 40. h4 Bb1 41. Rd6+ Kc5 42. Rxe6 b4 43. Re1 Bc2 44. Kf3 Rxg4
45. Kxg4 b3 46. f4 Bh7 47. f5 Bg8 48. h5 Kb4 49. h6 Kc3 50. f6 b2 51. h7 Bxh7
52. f7 b1=Q 53. Rxb1 Bxb1 54. f8=Q Kb3 55. Qb8+ 1-0

[Event "Troy (US Am N/6/19)"]
[Site "?"]
[Date "1995.??.??"]
[Round "?"]
[White "Koernke, R."]
[Black "Walker, LeRoy"]
[Result "1/2-1/2"]
[WhiteElo "1605"]
[BlackElo "1935"]
[PlyCount "67"]
[EventDate "1995.??.??"]

{6/(19)} 1. d4 Nf6 2. c4 c5 3. d5 b5 4. cxb5 a6 5. bxa6 Bxa6 6. Nc3 d6 7. g3 g6
8. Bg2 Bg7 9. Nf3 O-O 10. O-O Nbd7 11. Re1 Qa5 12. Nd2 Rfb8 13. Nb3 Qc7 14. e4
Ne5 15. Bf1 Bxf1 16. Kxf1 c4 17. Nd4 Nd3 18. Re2 Ng4 19. Nf3 Qa5 20. Qc2 Ra7
21. h3 Nge5 22. Nd2 Qc5 23. f4 Nxc1 24. Rxc1 Nd3 25. Rb1 Rab7 26. Na4 Qb5 27.
Qxc4 Qxc4 28. Nxc4 Rb4 29. Rd1 Rxc4 30. b3 Rc1 31. Rxc1 Nxc1 32. Rc2 Nd3 33.
Ke2 Nb4 34. Rd2 1/2-1/2

[Event "Detroit (CMS Jun/2/1/4)"]
[Site "?"]
[Date "1995.??.??"]
[Round "?"]
[White "Koernke, R."]
[Black "McNeil, Yaking"]
[Result "1-0"]
[WhiteElo "1605"]
[BlackElo "1605"]
[PlyCount "31"]
[EventDate "1995.??.??"]

{2/1} 1. d4 c5 2. d5 Nf6 3. c4 e5 4. Nc3 d6 5. e4 Be7 6. f4 Nfd7 7. Nf3 f6 8.
Be2 O-O 9. f5 a6 10. h4 b5 11. h5 b4 12. Nb1 Kf7 13. h6 g6 14. fxg6+ Kxg6 15.
Nh4+ Kf7 16. Bh5+ 1-0

[Event "Grand Rapids (MI Am/2/6)"]
[Site "?"]
[Date "1995.??.??"]
[Round "?"]
[White "Koernke, R."]
[Black "Jendras, Gerard"]
[Result "0-1"]
[WhiteElo "1605"]
[BlackElo "1895"]
[PlyCount "122"]
[EventDate "1995.??.??"]

{2/(6)} 1. d4 Nf6 2. c4 c5 3. d5 b5 4. cxb5 a6 5. bxa6 Bxa6 6. Nf3 d6 7. g3 g6
8. Bg2 Bg7 9. O-O O-O 10. Nc3 Nbd7 11. Qc2 Ng4 12. Rd1 Qc7 13. Bf4 Rfb8 14.
Rab1 Nde5 15. b3 Qa5 16. Ne4 Bc8 17. a4 h6 18. Bd2 Qa6 19. Nxe5 Nxe5 20. Nc3
Qb6 21. Bf1 Bf5 22. e4 Nf3+ 23. Kg2 Nxd2 24. Rxd2 Bxc3 25. exf5 Bxd2 26. Qxd2
g5 27. Bd3 Qb4 28. Qe3 Qc3 29. h4 Rxb3 30. Rxb3 Qxb3 31. hxg5 Rxa4 32. Qxe7
Qxd5+ 33. Kh2 Qxd3 34. Qe8+ Kg7 35. gxh6+ Kxh6 36. Qh8+ Kg5 37. Qg7+ Kh5 38.
Qh7+ Kg4 39. Qh4+ Kf3 40. Qxa4 Qxf5 41. Kg1 Qb1+ 42. Kh2 Qh7+ 43. Kg1 Qb1+ 44.
Kh2 f5 45. Qc6+ Kxf2 46. Qg2+ Ke3 47. Qd5 Qb2+ 48. Kh3 Qh8+ 49. Kg2 Qb2+ 50.
Kh3 Qe5 51. Qb3+ Ke4 52. Qb1+ Kd4 53. Qb2+ Kd5 54. Qa2+ c4 55. Qa8+ Kd4 56.
Qa7+ Kd3 57. Qa3+ c3 58. Qa6+ Kd2 59. Qb6 c2 60. Qf2+ Qe2 61. Qd4+ Ke1 0-1

[Event "Troy (US Am N/3/35)"]
[Site "?"]
[Date "1995.??.??"]
[Round "?"]
[White "Koernke, R."]
[Black "Fuson, R."]
[Result "1-0"]
[WhiteElo "1605"]
[BlackElo "1605"]
[PlyCount "97"]
[EventDate "1995.??.??"]

{3/(35)} 1. d4 d5 2. c4 c6 3. Nf3 Nf6 4. Nc3 Bf5 5. Qb3 Qb6 6. Qxb6 axb6 7.
cxd5 cxd5 8. Nb5 Na6 9. e3 Ne4 10. Be2 e6 11. O-O Be7 12. Ne5 f6 13. Nd3 O-O
14. Nf4 Rac8 15. g4 g5 16. Nxd5 exd5 17. gxf5 Nb4 18. Bf3 Nd3 19. Bxe4 dxe4 20.
Nc3 Ba3 21. Nxe4 Bxb2 22. Bxb2 Nxb2 23. Nd6 Rc3 24. a4 h5 25. a5 bxa5 26. Rxa5
Nc4 27. Nxc4 Rxc4 28. Rb1 Rf7 29. Rab5 Rfc7 30. Rxb7 Kf7 31. Rxc7+ Rxc7 32. Kg2
Ke7 33. Rb8 Rc4 34. Kf3 Rc2 35. e4 g4+ 36. Ke3 Rc1 37. Rb7+ Kd6 38. Rf7 Rh1 39.
Rxf6+ Ke7 40. Rh6 Rxh2 41. f6+ Kf7 42. d5 Rh3+ 43. Ke2 Rh2 44. Kf1 h4 45. d6
Ke6 46. e5 h3 47. Rh7 Rg2 48. f7 g3 49. f8=Q 1-0

[Event "Troy (US Am N/1/2)"]
[Site "?"]
[Date "1995.??.??"]
[Round "?"]
[White "Koernke, R."]
[Black "Eagle, Chris"]
[Result "0-1"]
[WhiteElo "1605"]
[BlackElo "2130"]
[PlyCount "120"]
[EventDate "1995.??.??"]

{1/(2)} 1. d4 Nf6 2. c4 g6 3. Nc3 Bg7 4. e4 d6 5. f4 c5 6. d5 e6 7. Nf3 O-O 8.
Be2 exd5 9. e5 dxe5 10. fxe5 Ng4 11. Bg5 f6 12. exf6 Bxf6 13. Qxd5+ Qxd5 14.
Nxd5 Nc6 15. Bxf6 Nxf6 16. O-O-O Bf5 17. Bd3 Nxd5 18. cxd5 Nb4 19. Bc4 b5 20.
a3 bxc4 21. axb4 cxb4 22. Rd4 Rac8 23. Ne5 Rc5 24. Nc6 a5 25. Ne7+ Kg7 26.
Nxf5+ Rxf5 27. Rhd1 c3 28. d6 cxb2+ 29. Kxb2 Rc8 30. R1d2 Kf7 31. Re2 Re8 32.
Rc2 Ke6 33. d7 Rd8 34. Re2+ Re5 35. Red2 Re3 36. g3 Ke7 37. Kb1 Re5 38. Kb2 Rh5
39. Re2+ Kf7 40. Rf4+ Rf5 41. Rd4 h5 42. Red2 Ke6 43. Re2+ Re5 44. Red2 g5 45.
Kb1 Rb5 46. Re4+ Re5 47. Red4 Ke7 48. Kb2 Kf7 49. Rd5 Rxd5 50. Rxd5 Kf6 51.
Rxa5 Rxd7 52. h4 gxh4 53. gxh4 Kg6 54. Ra6+ Kf5 55. Ra4 Rd4 56. Kb3 Kg4 57. Ra1
Kxh4 58. Rh1+ Kg5 59. Rh3 h4 60. Rh1 Kg4 0-1

[Event "Grand Rapids (MI Am/4/27)"]
[Site "?"]
[Date "1995.??.??"]
[Round "?"]
[White "Koernke, R."]
[Black "Clark, R."]
[Result "1-0"]
[WhiteElo "1605"]
[BlackElo "1605"]
[PlyCount "71"]
[EventDate "1995.??.??"]

{4/(27)} 1. d4 d5 2. c4 e5 3. dxe5 d4 4. Nf3 Bb4+ 5. Bd2 Bxd2+ 6. Nbxd2 Nc6 7.
g3 Nge7 8. Bg2 Bg4 9. Nb3 Nf5 10. Qd3 O-O 11. h3 Nb4 12. Qd2 Bxf3 13. Bxf3 Nc6
14. Bxc6 bxc6 15. g4 Nh4 16. Nxd4 Qd7 17. O-O-O Ng6 18. Qe3 Rae8 19. f4 c5 20.
Nb3 Qa4 21. Kb1 f5 22. g5 Qxc4 23. Rhf1 Re7 24. Nxc5 Rb8 25. Nb3 Qb5 26. Qxa7
c5 27. Qxc5 Qxe2 28. Qd6 Rbe8 29. Rfe1 Qh2 30. Qd5+ Kf8 31. Qf3 Nh4 32. Qd3 Ng2
33. Re2 Nxf4 34. Qxf5+ Rf7 35. Qxf7+ Kxf7 36. Rxh2 1-0

[Event "Detroit (CMS Jun/3/1/2)"]
[Site "?"]
[Date "1995.??.??"]
[Round "?"]
[White "Koernke, R."]
[Black "Calton, Bill"]
[Result "0-1"]
[WhiteElo "1605"]
[BlackElo "2230"]
[PlyCount "81"]
[EventDate "1995.??.??"]

{3/1} 1. d4 Nf6 2. c4 e6 3. Nc3 Bb4 4. Bg5 h6 5. Bh4 c5 6. d5 Nxd5 7. Bxd8 Nxc3
8. Qc2 Ne4+ 9. Kd1 Nxf2+ 10. Kc1 Kxd8 11. e3 Nxh1 12. g3 Nc6 13. Bg2 Nxg3 14.
hxg3 d6 15. a3 Be1 16. Bxc6 bxc6 17. Qe4 Bd7 18. Qf4 Ke7 19. Kc2 Ba5 20. Rb1 e5
21. Qf3 Rab8 22. g4 Be6 23. b3 Rhd8 24. Qg2 d5 25. cxd5 Bxd5 26. e4 Be6 27. Nf3
Rb7 28. g5 h5 29. Qg1 Bc7 30. Qh2 Bg4 31. Rf1 c4 32. Nxe5 cxb3+ 33. Kb1 Ke6 34.
Nxc6 Rd1+ 35. Rxd1 Bxh2 36. Nd8+ Ke5 37. Rh1 Rd7 38. Nc6+ Kd6 39. e5+ Bxe5 40.
Nxe5 Kxe5 41. Kb2 0-1

[Event "Grand Rapids (MI Am/1/23)"]
[Site "?"]
[Date "1995.??.??"]
[Round "?"]
[White "Klein, N."]
[Black "Welch, Joseph"]
[Result "0-1"]
[WhiteElo "1605"]
[BlackElo "1690"]
[PlyCount "52"]
[EventDate "1995.??.??"]

{1/(23)} 1. d4 Nf6 2. Nf3 c5 3. Bf4 cxd4 4. Nxd4 Nc6 5. e3 g6 6. Nc3 Bg7 7.
Ndb5 d6 8. Nd5 Nxd5 9. Qxd5 Be6 10. Qd2 a6 11. Nd4 Nxd4 12. exd4 O-O 13. Bh6
Qc7 14. Bxg7 Kxg7 15. d5 Bf5 16. Bd3 Bxd3 17. Qxd3 Rfc8 18. c3 Qc4 19. Qf3 Rc5
20. Rd1 e5 21. dxe6 Re5+ 22. Kd2 fxe6 23. Qxb7+ Kh6 24. b3 Re2+ 25. Kc1 Qxc3+
26. Kb1 Qb2# 0-1

[Event "Grand Rapids (MI Am/2/30)"]
[Site "?"]
[Date "1995.??.??"]
[Round "?"]
[White "Klein, N."]
[Black "Waters, T."]
[Result "0-1"]
[WhiteElo "1605"]
[BlackElo "1605"]
[PlyCount "62"]
[EventDate "1995.??.??"]

{2/(30)} 1. d4 Nf6 2. Nf3 d6 3. Bf4 b6 4. e3 Bb7 5. Bd3 Nbd7 6. Nbd2 Nh5 7. Bg3
e6 8. O-O Nxg3 9. fxg3 Be7 10. c4 c5 11. Ne4 h6 12. h3 Nf6 13. Qc2 d5 14. Nxf6+
Bxf6 15. cxd5 Qxd5 16. Qf2 O-O 17. Rfd1 g6 18. e4 Qd7 19. e5 Bg7 20. dxc5 bxc5
21. Be4 Qc7 22. Bxb7 Qxb7 23. Qxc5 Rac8 24. Qd6 Kh7 25. Rac1 Rfd8 26. Qxd8 Rxd8
27. Rxd8 Qb6+ 28. Rd4 Bxe5 29. Rcd1 Bxd4+ 30. Rxd4 e5 31. Nxe5 Qxd4+ 0-1

[Event "Grand Rapids (MI Am/4/45)"]
[Site "?"]
[Date "1995.??.??"]
[Round "?"]
[White "Klein, N."]
[Black "Nolan, Dan"]
[Result "1-0"]
[WhiteElo "1605"]
[BlackElo "1605"]
[PlyCount "107"]
[EventDate "1995.??.??"]

{4/(45)} 1. d4 d5 2. Nf3 Nf6 3. Bg5 e6 4. e3 Be7 5. Nc3 Nc6 6. Bd3 O-O 7. O-O
h6 8. Bxf6 Bxf6 9. Qe2 Nb4 10. e4 Nxd3 11. Qxd3 a6 12. e5 Be7 13. Rfe1 Bb4 14.
a3 Bxc3 15. Qxc3 Qd7 16. Rac1 Qb5 17. Rb1 b6 18. Qxc7 Bd7 19. Rec1 Qc6 20. Qxc6
Bxc6 21. c4 Rac8 22. Nd2 Bb7 23. Rc3 b5 24. c5 a5 25. b3 b4 26. axb4 axb4 27.
Rc2 Rfd8 28. Ra1 Rc7 29. Ra4 Ra8 30. Rxb4 Ra1+ 31. Nf1 Ba6 32. Rb8+ Kh7 33. g3
Rxf1+ 34. Kg2 Re1 35. b4 Rb1 36. Ra2 Bf1+ 37. Kf3 Rb3+ 38. Kg4 f5+ 39. exf6
gxf6 40. Raa8 Rg7+ 41. Kh4 Kg6 42. c6 Kf5 43. Rg8 Rxb4 44. g4+ Kg6 45. c7 Rb3
46. Rxg7+ Kxg7 47. g5 Rh3+ 48. Kg4 h5+ 49. Kf4 fxg5+ 50. Kxg5 Rxh2 51. c8=Q
Rg2+ 52. Kxh5 Be2+ 53. Kh4 Rg4+ 54. Kh3 1-0

[Event "East Lansing (Beg/4/1)"]
[Site "?"]
[Date "1995.??.??"]
[Round "?"]
[White "Klein, N."]
[Black "DeVries, B."]
[Result "1/2-1/2"]
[WhiteElo "1605"]
[BlackElo "1605"]
[PlyCount "108"]
[EventDate "1995.??.??"]

{4/(1)} 1. d4 Nf6 2. Nf3 g6 3. Bf4 d5 4. e3 Nc6 5. c4 dxc4 6. Bxc4 Bg7 7. O-O
O-O 8. Nc3 Bg4 9. h3 Bf5 10. e4 Bxe4 11. Nxe4 Nxe4 12. d5 Nb4 13. Qb3 c5 14.
dxc6 Nxc6 15. Qxb7 Nd4 16. Qxe4 Nxf3+ 17. Qxf3 Bxb2 18. Rfd1 Qc8 19. Rab1 Bf6
20. Rdc1 Qd7 21. Bd5 Rad8 22. Rb7 Qa4 23. Be3 Qa3 24. Rxa7 Qb2 25. Rb7 Qa3 26.
Ra7 Qb2 27. Ra8 Rxa8 28. Bxa8 Qb6 29. Bd5 Qb2 30. g4 Bd4 31. Qf4 Bc3 32. Qc4
Bb4 33. Bc5 Bxc5 34. Qxc5 e6 35. Be4 Qe2 36. Qe5 Rd8 37. Kg2 Qd2 38. Qf6 Re8
39. Rc7 Rf8 40. Kg3 Qd6+ 41. Qf4 e5 42. Qc1 Qd4 43. f3 Qb6 44. Rc8 Qd6 45. Qc4
Rxc8 46. Qxc8+ Qf8 47. Qc4 g5 48. Qd5 Qh6 49. Qd8+ Kg7 50. Qe7 Qh4+ 51. Kh2
Qf2+ 52. Kh1 Qf1+ 53. Kh2 Qf2+ 54. Kh1 Qf1+ 1/2-1/2

[Event "East Lansing (Beg/3/4)"]
[Site "?"]
[Date "1995.??.??"]
[Round "?"]
[White "Klein, N."]
[Black "Clark, R."]
[Result "1-0"]
[WhiteElo "1605"]
[BlackElo "1605"]
[PlyCount "81"]
[EventDate "1995.??.??"]

{3/(4)} 1. d4 Nf6 2. Nf3 d6 3. Bf4 Bg4 4. e3 Nbd7 5. h3 Bh5 6. g4 Bg6 7. Ng5 h6
8. Nf3 e6 9. c4 Be7 10. d5 e5 11. g5 Nh5 12. Bg3 Nxg3 13. fxg3 hxg5 14. g4 Nc5
15. b4 Nd7 16. Nc3 O-O 17. Bd3 Bxd3 18. Qxd3 Bf6 19. Ne4 a5 20. Nxf6+ Qxf6 21.
Ke2 Rfe8 22. Qe4 axb4 23. h4 Nc5 24. Qf5 Qxf5 25. gxf5 Ne4 26. hxg5 Ng3+ 27.
Kf2 Nxh1+ 28. Rxh1 Rxa2+ 29. Kg3 g6 30. fxg6 fxg6 31. Rh6 Kg7 32. Nh4 Kf7 33.
Rh7+ Kg8 34. Rxc7 Ra3 35. Kf3 e4+ 36. Kf4 Re5 37. Nxg6 Rxg5 38. Kxg5 Rxe3 39.
Ne7+ Kf7 40. Kf5 Kg7 41. Ke6 1-0

[Event "East Lansing (Beg/2/17)"]
[Site "?"]
[Date "1995.??.??"]
[Round "?"]
[White "Klein, M."]
[Black "Davis, T."]
[Result "0-1"]
[WhiteElo "1605"]
[BlackElo "1605"]
[PlyCount "48"]
[EventDate "1995.??.??"]

{2/(17)} 1. d4 d5 2. Nc3 Nf6 3. e3 e6 4. Bb5+ Nfd7 5. Nf3 Bb4 6. a3 Ba5 7. Bd2
O-O 8. O-O Nf6 9. Qe1 a6 10. Bd3 Bd7 11. Ng5 Nc6 12. Nxh7 Nxh7 13. e4 Nxd4 14.
Qe3 Nc6 15. exd5 exd5 16. Nxd5 Bxd2 17. Qxd2 Ne5 18. Bxh7+ Kxh7 19. Rae1 Nc4
20. Qd3+ Kg8 21. Qxc4 b5 22. Qg4 Bxg4 23. Re7 Qxd5 24. Rd1 Qxd1+ 0-1

[Event "East Lansing (MI Op/1b/3)"]
[Site "?"]
[Date "1995.??.??"]
[Round "?"]
[White "Kitsis, S."]
[Black "Williams, Ron"]
[Result "1/2-1/2"]
[WhiteElo "2235"]
[BlackElo "1905"]
[PlyCount "115"]
[EventDate "1995.??.??"]

1. d4 Nf6 2. Nf3 e6 3. e3 b6 4. b3 Bb7 5. Bb2 Be7 6. Bd3 d5 7. Nbd2 Nbd7 8. O-O
Rc8 9. c4 Ne4 10. Qc2 f5 11. Ne5 O-O 12. Ndf3 Bd6 13. cxd5 exd5 14. Nc6 Bxc6
15. Qxc6 Ndf6 16. Ne5 g6 17. Bxe4 fxe4 18. f4 Qe8 19. Rac1 Qxc6 20. Rxc6 a5 21.
Rfc1 Kg7 22. h3 h5 23. g3 Rfd8 24. a3 Ng8 25. R6c2 Ne7 26. Nc6 Nxc6 27. Rxc6
Kf7 28. R1c2 Ke7 29. Bc1 Kd7 30. Kg2 Rg8 31. h4 Rge8 32. Kh3 Re6 33. Bb2 Be7
34. Rxe6 Kxe6 35. a4 Kd7 36. Bc1 c5 37. Bd2 Ke6 38. dxc5 Rxc5 39. Rxc5 Bxc5 40.
g4 d4 41. exd4 Bxd4 42. Be1 Be3 43. Kg3 Bc1 44. b4 e3 45. bxa5 bxa5 46. Bxa5
Bd2 47. Bb6 e2 48. Bf2 e1=Q 49. Bxe1 Bxe1+ 50. Kh3 Kf6 51. gxh5 gxh5 52. Kg2
Kf5 53. Kh3 Kxf4 54. Kg2 Kg4 55. Kh2 Kf3 56. Kh1 Kg3 57. Kg1 Kxh4 58. Kh1
1/2-1/2

[Event "East Lansing (MI Op/5/9)"]
[Site "?"]
[Date "1995.??.??"]
[Round "?"]
[White "Kitsis, S."]
[Black "Steele, G."]
[Result "1-0"]
[WhiteElo "2235"]
[BlackElo "2015"]
[PlyCount "81"]
[EventDate "1995.??.??"]

{5/(9)} 1. d4 Nf6 2. Nf3 d5 3. e3 g6 4. Bd3 Bg7 5. Nbd2 O-O 6. O-O c5 7. c4
cxd4 8. exd4 dxc4 9. Nxc4 Nc6 10. Be3 Ng4 11. Be4 Nxe3 12. fxe3 Bf5 13. Bxc6
bxc6 14. Nfe5 c5 15. Rc1 cxd4 16. exd4 Rc8 17. Re1 Qd5 18. b3 Rfd8 19. Nf3 e6
20. Nce5 Rxc1 21. Qxc1 Be4 22. Qf4 Bxe5 23. dxe5 Bxf3 24. gxf3 Qd2 25. Qh4 Rd4
26. Qf2 Qxf2+ 27. Kxf2 Rd2+ 28. Re2 Rxe2+ 29. Kxe2 g5 30. Ke3 Kg7 31. Ke4 Kg6
32. b4 h5 33. a4 g4 34. fxg4 hxg4 35. b5 Kg5 36. a5 Kh4 37. b6 axb6 38. axb6
Kh3 39. Kf4 f5 40. exf6 e5+ 41. Kg5 1-0

[Event "East Lansing (MI Op/7/4)"]
[Site "?"]
[Date "1995.??.??"]
[Round "?"]
[White "Kitsis, S."]
[Black "Ciaffone, Bob"]
[Result "1-0"]
[WhiteElo "2235"]
[BlackElo "2200"]
[PlyCount "77"]
[EventDate "1995.??.??"]

{7/(4)} 1. e4 c5 2. f4 d5 3. Bb5+ Nd7 4. exd5 Ngf6 5. c4 a6 6. Bxd7+ Qxd7 7.
Nf3 e6 8. dxe6 Qxe6+ 9. Qe2 Qxe2+ 10. Kxe2 Be6 11. d3 Be7 12. Nc3 O-O 13. h3
Rad8 14. Rd1 Rfe8 15. Be3 b5 16. b3 Bc8 17. Rac1 b4 18. Ne4 Bb7 19. Ng3 Bd6 20.
Kf2 h6 21. Ne2 Re7 22. Rc2 Rde8 23. Bc1 Nd7 24. Ng3 Bb8 25. Re2 Rxe2+ 26. Nxe2
Nf8 27. Be3 Ba7 28. d4 Rd8 29. Rd2 Bxf3 30. Kxf3 f5 31. dxc5 Rxd2 32. Bxd2 Bxc5
33. Be3 Ne6 34. Bxc5 Nxc5 35. Nd4 Nd3 36. Nc6 a5 37. Nxa5 Nc1 38. Nc6 Nxa2 39.
Ne7+ 1-0

[Event "Eastpointe (EDO/3/10)"]
[Site "?"]
[Date "1995.??.??"]
[Round "?"]
[White "Kinney, G."]
[Black "Scales, H."]
[Result "0-1"]
[WhiteElo "1760"]
[BlackElo "1605"]
[PlyCount "70"]
[EventDate "1995.??.??"]

{3/(10)} 1. d4 d5 2. c4 dxc4 3. Qa4+ c6 4. Qxc4 Be6 5. Qc3 Bd5 6. Nf3 Nf6 7.
Nbd2 e6 8. e3 Qb6 9. Bd3 Bxf3 10. gxf3 Bb4 11. Qc2 Nbd7 12. a3 Be7 13. Nc4 Qc7
14. e4 b5 15. Ne5 Rc8 16. Nxd7 Qxd7 17. Be3 O-O 18. Rg1 g6 19. f4 Qc7 20. Rg2
Qa5+ 21. Bd2 Qb6 22. Bc3 Qb8 23. f5 exf5 24. exf5 Qf4 25. fxg6 fxg6 26. Bxg6
Kh8 27. Bf5 Rce8 28. Kf1 Nd5 29. Bd2 Qxf5 30. Qxc6 Bh4 31. Qh6 Bf6 32. Bb4 Rg8
33. Bc3 Rxg2 34. Kxg2 Rg8+ 35. Kf1 Qd3+ 0-1

[Event "Eastpointe (EDO/1/9)"]
[Site "?"]
[Date "1995.??.??"]
[Round "?"]
[White "Kinney, G."]
[Black "Gentry, Bronson"]
[Result "0-1"]
[WhiteElo "1760"]
[BlackElo "1605"]
[PlyCount "92"]
[EventDate "1995.??.??"]

{1/(9)} 1. d4 c5 2. c4 cxd4 3. Qxd4 Nc6 4. Qe3 Nf6 5. Nc3 e6 6. Nf3 b6 7. g3
Bc5 8. Qd3 Ng4 9. Ne4 Qe7 10. Bh3 Nge5 11. Nxe5 Nxe5 12. Qc2 Bb4+ 13. Bd2 Bxd2+
14. Nxd2 Bb7 15. O-O Rc8 16. b3 b5 17. Qb2 Qc5 18. b4 Qc6 19. f3 d6 20. Rad1
bxc4 21. Qd4 Qb6 22. Qxb6 axb6 23. f4 Nd7 24. Nb1 Ke7 25. Nc3 Nf6 26. Rd2 Ne4
27. Nxe4 Bxe4 28. Rd4 d5 29. Bg2 Bxg2 30. Kxg2 Ra8 31. Ra1 Ra4 32. a3 Rha8 33.
e4 dxe4 34. Rxc4 f5 35. Rc7+ Kf6 36. b5 Rxa3 37. Rxa3 Rxa3 38. Rb7 Ra2+ 39. Kg1
Rb2 40. Rxb6 g5 41. fxg5+ Kxg5 42. Rb7 Kg4 43. Kf1 Rxh2 44. Rg7+ Kf3 45. Ke1 e3
46. Kd1 e2+ 0-1

[Event "East Lansing (MOR/4/45)"]
[Site "?"]
[Date "1995.??.??"]
[Round "?"]
[White "Kincare, K."]
[Black "Smith, Robert"]
[Result "0-1"]
[WhiteElo "1605"]
[BlackElo "1760"]
[PlyCount "68"]
[EventDate "1995.??.??"]

{4/(45)} 1. e4 c5 2. Nc3 d6 3. g3 Nf6 4. d3 e6 5. Bg2 Nc6 6. Be3 Be7 7. Nge2
O-O 8. O-O a6 9. Qd2 Qc7 10. b3 b5 11. a3 Bb7 12. d4 cxd4 13. Nxd4 Nxd4 14.
Bxd4 e5 15. Be3 Rac8 16. Nd5 Nxd5 17. exd5 Qxc2 18. Qxc2 Rxc2 19. Rac1 Rfc8 20.
Rxc2 Rxc2 21. Rc1 Rxc1+ 22. Bxc1 f5 23. b4 e4 24. Bb2 Bxd5 25. Bd4 Kf7 26. Kf1
Bf6 27. Bb6 Bb2 28. Bc7 Ke6 29. Ba5 Bxa3 30. Ke2 Bb2 31. Bb6 Bc3 32. Ba5 Bd4
33. f3 e3 34. Bf1 Bc4+ 0-1

[Event "East Lansing (MOR/7/34)"]
[Site "?"]
[Date "1995.??.??"]
[Round "?"]
[White "Kincare, K."]
[Black "Rosebrook, G."]
[Result "0-1"]
[WhiteElo "1605"]
[BlackElo "1605"]
[PlyCount "54"]
[EventDate "1995.??.??"]

{7/(34)} 1. e4 c5 2. Nc3 g6 3. g3 Nc6 4. d3 Bg7 5. Bg2 d6 6. Be3 Nf6 7. Qd2 O-O
8. Bh6 Bg4 9. Bxg7 Kxg7 10. f3 Bd7 11. h4 h5 12. O-O-O Rb8 13. Bh3 b5 14. g4
Nd4 15. gxh5 Nxh5 16. Bxd7 Qxd7 17. Nce2 b4 18. Nxd4 cxd4 19. b3 Rfc8 20. f4
Qg4 21. f5 Rc3 22. Ne2 Rc6 23. Rdg1 Qf3 24. Nxd4 Qf4 25. Nxc6 Rc8 26. Nxe7 Qe5
27. Nxg6 Qa1# 0-1

[Event "East Lansing (MOR/1a/18)"]
[Site "?"]
[Date "1995.??.??"]
[Round "?"]
[White "Kincare, K."]
[Black "Griffin, John"]
[Result "0-1"]
[WhiteElo "1605"]
[BlackElo "1605"]
[PlyCount "94"]
[EventDate "1995.??.??"]

1. e4 c5 2. Nc3 Nc6 3. d3 e6 4. g3 g6 5. Bg2 Bg7 6. Be3 d6 7. Qd2 Nge7 8. Bh6
O-O 9. Nge2 Nd4 10. Nxd4 cxd4 11. Ne2 Nc6 12. Bxg7 Kxg7 13. c3 dxc3 14. bxc3
Rb8 15. d4 Na5 16. Qd3 Qc7 17. Rb1 Qc4 18. Qxc4 Nxc4 19. Rb4 Na5 20. O-O Bd7
21. f4 Rfc8 22. d5 Nc4 23. dxe6 fxe6 24. g4 Ne3 25. Rf3 Nxg2 26. Kxg2 d5 27. f5
dxe4 28. f6+ Kf7 29. Rxe4 Bc6 30. Rff4 Bxe4+ 31. Rxe4 Kxf6 32. Rf4+ Ke7 33. g5
Rf8 34. Rc4 Rbc8 35. Rb4 b6 36. a4 Rf5 37. h4 Rfc5 38. Rb3 Rc4 39. Ra3 Rg4+ 40.
Kh3 Re4 41. Nd4 Re3+ 42. Kg4 Rcxc3 43. Nc6+ Kd7 44. Rxc3 Rxc3 45. Nxa7 Rc4+ 46.
Kf3 Rxa4 47. Nb5 Rxh4 0-1

[Event "East Lansing (MOR/3/42)"]
[Site "?"]
[Date "1995.??.??"]
[Round "?"]
[White "Kincare, K."]
[Black "Crysler, Jerry"]
[Result "1/2-1/2"]
[WhiteElo "1605"]
[BlackElo "1605"]
[PlyCount "68"]
[EventDate "1995.??.??"]

{3/(42)} 1. e4 d6 2. d4 e6 3. Nc3 Nc6 4. Nf3 Be7 5. Be2 Bf6 6. Be3 Nge7 7. Qd2
Bd7 8. Rb1 O-O 9. d5 Ne5 10. Nxe5 Bxe5 11. Bd4 Ng6 12. Bxe5 Nxe5 13. O-O Ng6
14. Bc4 e5 15. Ne2 Qh4 16. f4 f5 17. Bd3 fxe4 18. Bxe4 exf4 19. Bxg6 hxg6 20.
Nxf4 Qh6 21. Qd4 g5 22. Ne2 Bf5 23. Rbc1 b6 24. Ng3 Qg6 25. Nxf5 Rxf5 26. Rxf5
Qxf5 27. g4 Qd7 28. Rf1 c5 29. dxc6 Qxc6 30. Qf2 Qc4 31. Qf5 Qd4+ 32. Rf2 Qd1+
33. Kg2 Qc1 34. Qf7+ Kh8 1/2-1/2

[Event "Troy (US Am N/5/41)"]
[Site "?"]
[Date "1995.??.??"]
[Round "?"]
[White "Kim, P."]
[Black "Yahkind, Andrew"]
[Result "0-1"]
[WhiteElo "1605"]
[BlackElo "1605"]
[PlyCount "41"]
[EventDate "1995.??.??"]

{5/(41)} 1. e4 e5 2. Bc4 Nf6 3. d3 d5 4. Bb3 Be6 5. f4 Nc6 6. f5 Bd7 7. Nf3
dxe4 8. dxe4 h6 9. Be3 Qe7 10. Nc3 O-O-O 11. Nd5 Nxd5 12. exd5 Bxf5 13. Qe2 Nd4
14. Bxd4 exd4 15. Qxe7 Bxe7 16. Nxd4 Be4 17. d6 Bxd6 18. O-O-O Rhf8 19. Rhf1
Rd7 20. Ne6 fxe6 21. Rxd6 0-1

[Event "Troy (US Am N/2/44)"]
[Site "?"]
[Date "1995.??.??"]
[Round "?"]
[White "Kim, P."]
[Black "Rosebrook, G."]
[Result "0-1"]
[WhiteElo "1605"]
[BlackElo "1605"]
[PlyCount "64"]
[EventDate "1995.??.??"]

{2/(44)} 1. e4 c5 2. Nf3 d6 3. c4 Nc6 4. Nc3 g6 5. b3 e5 6. Bb2 Bh6 7. Bd3 Bg4
8. h3 Bxf3 9. gxf3 Nf6 10. Nd5 Nxd5 11. exd5 Ne7 12. Qe2 Bf4 13. O-O-O a6 14.
h4 h5 15. Rhg1 Qa5 16. Kb1 b5 17. a4 bxa4 18. Bc3 Qb6 19. Bc2 axb3 20. d4 bxc2+
21. Kxc2 a5 22. dxe5 a4 23. Rb1 Qa6 24. Ra1 O-O 25. e6 a3 26. Rab1 Nxd5 27. Ba1
Qa4+ 28. Rb3 Nb4+ 29. Kc3 Qa5 30. Qe4 Nd5+ 31. Kc2 Qd2+ 32. Kb1 a2# 0-1